LEADER 01073nam2-2200361---450- 001 990003349660203316 005 20091118103320.0 010 $a978-88-348-8399-0 035 $a000334966 035 $aUSA01000334966 035 $a(ALEPH)000334966USA01 035 $a000334966 100 $a20091118d2008----km-y0itay50------ba 101 $aita 102 $aIT 105 $a||||||||001yy 200 1 $a<<2:>> Studi. Appendice$fa cura di Enrico Mezzetti$gcon saggi di Stefano Mancini, Daniele Piva 210 $aTorino$cGiappichelli$d2008 215 $aVI, 69 p.$d24 cm 461 1$1001000112895$12001$aDiritto penale internazionale 606 0 $aDiritto internazionale penale 676 $a341.77 702 1$aMEZZETTI,$bEnrico 702 1$aPIVA,$bDaniele 702 1$aMANCINI,$bStefano 801 0$aIT$bsalbc$gISBD 912 $a990003349660203316 951 $aXXIII.1.L. 327 3$b59978 G.$cXXIII.1.L. 327$d00260425 959 $aBK 969 $aGIU 979 $aCHIARA$b90$c20091118$lUSA01$h1033 996 $aStudi. Appendice$91124573 997 $aUNISA LEADER 00960cas0 2200277 450 001 SOBP100011 005 20220210101514.0 100 $a20050505a19199999|||||ita|0103 ba 101 $aita 102 $aIT 110 $aa 200 1 $a<>alimentazione$erassegna mensile politica, scientifica, tecnica, economica delle industrie alimentari italiane 207 1$aA. 1, n. 1 (1919)- 210 $aMilano$cIstituto editoriale italiano 215 $av.$cill.$d24 cm 422 1$1001SOBP100092$12001 $a<>industrie italiane illustrate 712 02$a*Istituto *editoriale *italiano$3SOBA00020696$4650 801 0$aIT$bUNISOB$c20220210$gRICA 850 $aUNISOB 852 $aUNISOB$jEst$m6351 912 $aSOBP100011 940 $aS 120 Periodico SBN 941 $aS 957 $aEst$b000223$gCON$d6351$rdono$uSospeso$1carrano$2UNISOB$3UNISOB$420060213135308.0$520220210101514.0$6catenaccif 996 $aAlimentazione$983705 997 $aUNISOB